Pareja Del Año - Sebastián Yatra, Myke Towers - Estadísticas

Estadísticas generales
  • Esta prueba ha sido intentada 102 veces
  • La puntuación promedio es 315 de 439
Estadísticas de respuestas
Letra % Correcto
a
97%
Qué
94%
¿Qué
94%
que
94%
Que
94%
de
93%
De
93%
no
93%
Se
93%
ser
92%
y
92%
Y
92%
la
90%
pareja
90%
sería
90%
te
90%
Te
90%
con
89%
en
89%
lo
89%
Mi
89%
89%
mi
89%
Si
89%
si
89%
del
88%
extraño
88%
me
88%
Me
88%
un
88%
condición
86%
hace
86%
una
86%
año
85%
chica
85%
da
85%
Seríamos
85%
seríamos
85%
el
83%
él
83%
yo
83%
Yo
83%
daño
81%
Enamorado
81%
es
81%
Es
81%
hoy
81%
pasaría?
79%
pasaría
79%
mía
76%
mía?
76%
o
76%
solo
76%
Solo
76%
tenerte
76%
tu
76%
76%
76%
cuánto
75%
locamente
75%
las
74%
los
74%
Sin
72%
decía
71%
amigos
69%
enamoré
69%
mis
69%
Ya
69%
ya
69%
horas
68%
tan
68%
por
67%
sabían
67%
todo
67%
¿Fue
65%
fue
65%
fuera
65%
loco
65%
día
64%
mundo
64%
nos
64%
siglo
64%
Pero
63%
pero
63%
voy
63%
aprovecho
61%
cosas
61%
derecho'
61%
dueño
61%
han
61%
hecho
61%
cansé
60%
nunca
60%
dejarías
58%
veinticuatro
58%
amor
57%
corazón
57%
ni
57%
decirlo
56%
entre
56%
hacerte
56%
hay
56%
Juro
56%
¿quién
56%
dieran
54%
tal
54%
gana
53%
ignoraba
53%
juntamos
53%
ganaría?
51%
merezco
51%
ver
51%
vez
51%
fin
50%
nada
50%
oh
50%
precisamente
50%
quedó
50%
quedo
50%
tuya
50%
alegría
49%
besaría
49%
como
49%
Towers
49%
ahora
47%
decían
47%
Podrías
47%
Myke
46%
quiero
46%
Yatra
46%
acapella
44%
doble
44%
filo
44%
creía
43%
culpa
43%
Navaja
43%
reproducirlo'
43%
introducirlo
42%
miraba'
42%
ojos
42%
allá
40%
foto
40%
mente
40%
Simplemente
40%
todavía
40%
hacía
39%
llorando
39%
pena
39%
tengo
39%
alas
38%
televisión
38%
vuelas
38%
canción
36%
dice
36%
Puede
36%
cegaba
35%
destruya
35%
nadie
35%
vale
35%
verte
35%
aprendí
32%
celos
32%
depresión
32%
pista
32%
sincero
32%
Sufriendo
32%
sufriendo
32%
vídeos
32%
vivir
32%
yeah
32%
aprendiste
31%
Detente
31%
otra
31%
preso
31%
queda
31%
tienes
31%
dió
29%
meten
29%
novela
29%
robarse
29%
mala
28%
melodía
28%
quitas
28%
monotonía
26%
resultaría
26%
tenía
26%
Uoh
26%
vuelves
26%
llanto
25%
Maldita
25%
nuestra
25%
Mmm
24%
mmm
24%
Cortamos
22%
Ponme
6%
No se encontraron pruebas coincidentes
Distribución de puntuación
Porcentaje de gente con cada puntuación
Porcentaje por número respondido
Historial de tus puntuaciones
No has intentado esta prueba.